Las artes del lenguaje en la escuela elemental /
Guardado en:
| Autor Principal: | |
|---|---|
| Formato: | Libro |
| Publicado: |
Buenos Aires :
Kapelusz,
1969
|
| Edición: | 4a. ed. |
| Materias: | |
| Etiquetas: |
Agregar Etiqueta
Sin Etiquetas, Sea el primero en etiquetar este registro!
|
| LEADER | 00954nam a22002535a 4500 | ||
|---|---|---|---|
| 001 | CEM.cems006131 | ||
| 005 | 20060214000000.0 | ||
| 008 | 130507s1969##################000#0#####d | ||
| 003 | CEMS | ||
| 082 | 0 | 4 | |a 372.6 |
| 100 | 1 | |a Saez, Antonia | |
| 245 | 1 | 0 | |a Las artes del lenguaje en la escuela elemental / |
| 250 | |a 4a. ed. | ||
| 260 | |a Buenos Aires : |b Kapelusz, |c 1969 | ||
| 300 | |a 168 p. | ||
| 505 | 0 | |a Funciónes del lenguaje.-El lenguaje del ni¤o.-Conversaci¢n.-Narraci¢n de cuentos.-Ense¤anza de la poes¡a.-Ense¤anza de la gram tica.-El lenguaje escrito.-El ni¤o y su expresi¢n.- | |
| 653 | |a Educacion | ||
| 653 | |a Educacion primaria | ||
| 653 | |a Expresion escrita | ||
| 653 | |a Lenguaje-enseñanza | ||
| 653 | |a Narracion | ||
| 859 | |a CEMS |b BIB. CEMS - 11 de abril |h 372.6 |i Sa16a4 |p 3302.74 |t Ej.1 | ||
| 859 | |a CEMS |b BIB. CEMS - 11 de abril |h 372.6 |i Sa16a4 |p 7947.80 |t Ej.3 | ||
| 859 | |a CEMS |b BIB. CEMS - 11 de abril |h 372.6 |i Sa16a4 |p 7948.80 |t Ej.2 | ||
